000 00434nam a2200169Ia 4500
003 GCL
008 140319s9999 xx 000 0 eng d
040 _aGCL /
_cGCL
082 0 4 _a909
_bD E
100 1 _aDEBBASCH, CHARLES
245 1 0 _aL'ETAT CIVILISE: CORTRE LE POUVOIR SAUVAGE /
_cDEBBASCH, CHARLES
260 _a[S.N] :
_bFAYARD ،
_c1979
300 _a199 P
650 0 4 _aCIVILIZATION
650 0 4 _aHISTORY
942 _2ddc
_cBK
999 _c24692
_d24692